FAO farm systems management series N14 Farming systems approach and postconflict recontruction
This document deals with the linkages between the farming systems approach to development ( FSD ) and poswar rehabilitation and reconstruction. It is based on the author's experiences of the past two decades with bilateral and international organizzations in the fields of development planning,...
Gardado en:
| Autor Principal: | |
|---|---|
| Formato: | Libro |
| Idioma: | Undetermined |
| Publicado: |
Rome
FAO
1998
|
| Các nhãn: |
Engadir etiqueta
Sen Etiquetas, Sexa o primeiro en etiquetar este rexistro!
|
| Thư viện lưu trữ: | Trung tâm Học liệu Trường Đại học Cần Thơ |
|---|
| LEADER | 00893nam a2200193Ia 4500 | ||
|---|---|---|---|
| 001 | CTU_33950 | ||
| 008 | 210402s9999 xx 000 0 und d | ||
| 082 | |a 631 | ||
| 082 | |b F233/N14 | ||
| 100 | |a B Schelhas | ||
| 245 | 0 | |a FAO farm systems management series N14 | |
| 245 | 0 | |b Farming systems approach and postconflict recontruction | |
| 245 | 0 | |c B Schelhas, FAO | |
| 260 | |a Rome | ||
| 260 | |b FAO | ||
| 260 | |c 1998 | ||
| 520 | |a This document deals with the linkages between the farming systems approach to development ( FSD ) and poswar rehabilitation and reconstruction. It is based on the author's experiences of the past two decades with bilateral and international organizzations in the fields of development planning, rehabilitation, reconstruction and relief programmes. | ||
| 904 | |i Nguyễn Quang Điền, 991118 | ||
| 980 | |a Trung tâm Học liệu Trường Đại học Cần Thơ | ||